Priority riadenia ľudských zdrojov v znalostnej spoločnosti
Riadenie ľudských zdrojov v znalostnej spoločnosti. Aktivity riadenia ľudských zdrojov. Súčasné požiadavky na manažérov a ich kompetencie. Výsledky prieskumu, ktorého cieľom bolo zistiť, ktoré aktivity považujú podniky za priority v oblasti riadenia ľudských zdrojov.
Saved in:
| Main Author: | |
|---|---|
| Other Authors: | , |
| Format: | Book Chapter |
| Language: | Slovak |
| Subjects: | |
| Tags: |
No Tags, Be the first to tag this record!
|
MARC
| LEADER | 00000naa a2200000 4500 | ||
|---|---|---|---|
| 001 | 0145482 | ||
| 005 | 20240702120042.7 | ||
| 041 | 0 | |a slo | |
| 044 | |a CZ | ||
| 245 | 1 | 0 | |a Priority riadenia ľudských zdrojov v znalostnej spoločnosti |c Cecília Olexová, Peter Mesároš, Alena Bašistová |
| 500 | |a CD-2009-36907/39461-1:11 | ||
| 520 | |a Riadenie ľudských zdrojov v znalostnej spoločnosti. Aktivity riadenia ľudských zdrojov. Súčasné požiadavky na manažérov a ich kompetencie. Výsledky prieskumu, ktorého cieľom bolo zistiť, ktoré aktivity považujú podniky za priority v oblasti riadenia ľudských zdrojov. | ||
| 610 | 2 | 0 | |a riadenie ľudských zdrojov |
| 610 | 2 | 0 | |a zamestnanci |
| 610 | 2 | 0 | |a manažéri |
| 610 | 2 | 0 | |a vedenie ľudí |
| 610 | 2 | 0 | |a kompetencie |
| 610 | 2 | 0 | |a spoločnosť vedomostná |
| 610 | 2 | 0 | |a prieskum |
| 610 | 2 | 0 | |a Slovensko |
| 100 | 1 | |a Olexová, Cecília, 1976- | |
| 700 | 1 | |a Mesároš, Peter | |
| 700 | 1 | |a Bašistová, Alena | |